|
|
|
|
| LEADER |
01118nam a2200301 a 4500 |
| 001 |
41302 |
| 003 |
BD-DhAAL |
| 005 |
20230529160605.0 |
| 008 |
230529t1985 nyua b 001 0 eng d |
| 010 |
|
|
|a 84009722
|
| 020 |
|
|
|a 0582285003
|
| 040 |
|
|
|a DLC
|c DLC
|d DLC
|d BD-DhAAL
|
| 050 |
0 |
0 |
|a HD82
|b .T552 1985
|
| 082 |
0 |
0 |
|a 338.90091724
|2 19
|
| 100 |
1 |
|
|a Todaro, Michael P.
|9 13890
|
| 245 |
1 |
0 |
|a Economic development in the Third World /
|c Michael P. Todaro.
|
| 250 |
|
|
|a Third edition.
|
| 260 |
|
|
|a New York :
|b Longman,
|c c1985.
|
| 300 |
|
|
|a xxxvi, 648 pages :
|b illustrations ;
|c 25 cm.
|
| 504 |
|
|
|a Includes bibliographical references (pages 613-640) and index.
|
| 541 |
|
|
|a Donated By Akbar Ali Khan
|e 41302
|
| 650 |
|
0 |
|a Economic development.
|
| 650 |
|
0 |
|a Economics.
|
| 651 |
|
0 |
|a Developing countries
|x Economic policy.
|
| 852 |
|
|
|a Ayesha Abed Library
|c Akbar Ali Khan Collection
|
| 942 |
|
|
|2 ddc
|c BK
|
| 999 |
|
|
|c 45815
|d 45815
|
| 952 |
|
|
|0 0
|1 0
|2 ddc
|4 0
|6 338_900917240000000_TOD
|7 1
|9 73695
|a BRACUL
|b BRACUL
|c AAKC
|d 2023-05-29
|e Donated By Akbar Ali Khan
|l 0
|o 338.90091724 TOD
|p 3010041302
|r 2023-05-29
|t 1
|w 2023-05-29
|y BK
|